Представление документа в формате MARC21

Поле Инд. ПП Название Значение
Тип записи a
Библиографический уровень m
001 Контрольный номер c650ad4c-c36f-4f61-951e-3a0cef694134
005 Дата корректировки 20140226121109.8
008 Кодируемые данные 991117 d
020 a ISBN 5-06-002042-8
c Цена, тираж 38.00
040 a Служба первич. каталог. НБ ТвГУ
041 a Код языка текста rus
080 a Индекс УДК 54
084 a Индекс другой классификации/Индекс ББК Г.я92
090 a Полочн. индекс Г.я92
x Авторский знак Ч-80
245 10 a Заглавие Что мы знаем о химии?
b Продолж. заглавия Вопр. и ответы
c Ответственность [Ю. Н. Кукушкин, В. Ф. Буданова, Р. А. Власова и др.]; Под ред. Ю. Н. Кукушкина
260 0_ a Место издания Москва
b Издательство Высшая школа
c Дата издания 1993
300 a Объем 299,[4] c.
b Иллюстрации/ тип воспроизводства ил.
504 a Библиография Библиогр.:с.301
650 a Основная рубрика Химия занимательная
x Основная подрубрика Задачи
653 a Ключевые слова Задачи
a Ключевые слова Занимательная химия
a Ключевые слова Химия
700 1_ a Другие авторы Кукушкин Ю. Н.
e Роль лиц авт.
700 1_ a Другие авторы Буданова В. Ф.
e Роль лиц авт.
700 1_ a Другие авторы Власова Р. А.
e Роль лиц авт.
852 t Порядковый номер экземпляра 3
p Инвентарный номер 643686
p Инвентарный номер 642603
p Инвентарный номер 643687
930 a Новая/Ретро Занимательная
954 a Дата поступления на обработку 25.10.93
a Дата поступления на обработку 25.10.93
999 a Подразделение 2 Фил3